00762 2200277 4500001002100000005001500021035002500036007000300061008004100064040001700105090002000122090002100142100002200163245006000185250001800245260003600263300002800299650001800327850001200345020002200357082001400379084001600393504003300409999002100442990002100463YOGYA00000000008620620200623010144 a0010-081400000085923ta131204s2013 yoia g ind d aYOPDYOGbind aDEP 641.3 MUT p aCB-D.11 2013-2280 aMutiara Nugraheni00aPengetahuan pangan hewani /cpenulis, Mutiara Nugraheni aEd. 1, cet. 13 aYogyakarta :bGraha Ilmu,c2013 ax, 218 halaman ;c26 cm 4aPangan Hewani aYOPDYOG a978-979-756-940-204222a641.3 a641.3 MUT p aBibliografi: halaman 209-213 aCB-D.11/2013-228 aCB-D.11/2013-228